000 00724nam a2200289Ia 4500
005 20260324121420.0
008 008 260324s9999 xx 000 0 eng d
020 _a9781315582153
037 _aEBOOK
040 _aCRL
040 _beng
040 _cCRL
041 _2eng
041 _aeng
084 _qCRL
100 _aRichard Hillman; Pauline Ruberry-Blanc
_91162434
245 0 _aFemale Transgression in Early Modern Britain
245 0 _bLiterary and Historical Explorations
260 _bTaylor and Francis
260 _c2014
365 _a
365 _b230
856 _uhttp://www.taylorfrancis.com/books/9781315582153
942 _cEBOOK
999 _c1754515
_d1754515